MARC details
| 000 -CABECERA |
| campo de control de longitud fija |
05854nam a2200481Ia 4500 |
| 001 - NÚMERO DE CONTROL |
| campo de control |
dia_5323 |
| 003 - IDENTIFICADOR DEL NÚMERO DE CONTROL |
| campo de control |
CHAP |
| 005 - FECHA Y HORA DE LA ÚLTIMA TRANSACCIÓN |
| campo de control |
20240902182121.0 |
| 007 - CAMPO FIJO DE DESCRIPCIÓN FÍSICA--INFORMACIÓN GENERAL |
| campo de control de longitud fija |
ta |
| 008 - DATOS DE LONGITUD FIJA--INFORMACIÓN GENERAL |
| campo de control de longitud fija |
220117s2013 mx do frm 001 0 spa d |
| 010 ## - NÚMERO DE CONTROL DE LA BIBLIOTECA DEL CONGRESO |
| Número de control de LC |
176236 |
| 040 ## - FUENTE DE LA CATALOGACIÓN |
| Centro/agencia transcriptor |
CHAP |
| Centro catalogador/agencia de origen |
mxchpua |
| Normas de descripción |
rda |
| 041 0# - CÓDIGO DE LENGUA |
| Código de lengua del texto/banda sonora o título independiente |
spa |
| Código de lengua del sumario o resumen |
eng |
| 090 ## - LOCALMENTE ASIGNADO TIPO-LC NÚMERO DE CLASIFICACIÓN (OCLC); NÚMERO DE CLASIFICACIÓN LOCAL (RLIN) |
| Número de clasificación (OCLC) (R) ; Numero de clasificación, CALL (RLIN) (NR) |
Tesis |
| Número cutter local (OCLC) ; Número de libro/Signatura topográfica íntegra, CALL (RLIN) |
B46 |
| año |
2013 |
| 100 1# - ENTRADA PRINCIPAL--NOMBRE DE PERSONA |
| Nombre de persona |
Benítez Romero, Lucio |
| 245 13 - MENCIÓN DE TÍTULO |
| Título |
Identificación molecular de bacterias ácido lácticas aisladas de queso de poro genuino de Balancán, Tabasco / |
| Mención de responsabilidad, etc. |
Lucio Benítez Romero |
| 264 ## - PRODUCCIÓN, PUBLICACIÓN, DISTRIBUCIÓN, FABRICACIÓN Y COPYRIGHT |
| Producción, publicación, distribución, fabricación y copyright |
Chapingo, México : |
| Nombre del de productor, editor, distribuidor, fabricante |
El autor, |
| Fecha de producción, publicación, distribución, fabricación o copyright |
2013 |
| 300 ## - DESCRIPCIÓN FÍSICA |
| Extensión |
iv, 68 hojas : |
| Otras características físicas |
gráficas, diagramas, tablas, fotos + |
| Material acompañante/anejo |
1 CD-ROM |
| 336 ## - TIPO DE CONTENIDO |
| Fuente |
rdacontent |
| Término de tipo de contenido |
texto |
| Código de tipo de contenido |
txt |
| 337 ## - TIPO DE MEDIO |
| Fuente |
rdamedia |
| Nombre/término del tipo de medio |
no mediado |
| Código del tipo de medio |
n |
| 338 ## - TIPO DE SOPORTE |
| Fuente |
rdacarrier |
| Nombre/término del tipo de soporte |
volumen |
| Código del tipo de soporte |
nc |
| 502 ## - NOTA DE TESIS |
| Nota de tesis |
Tesis |
| Tipo de título |
(Ingeniero Agroindustrial) -- |
| Nombre de la institución que otorga el título |
UACh. Departamento de Ingeniería Agroindustrial, |
| Año de obtención del título |
2013 |
| 504 ## - NOTA DE BIBLIOGRAFÍA, ETC. |
| Nota de bibliografía, etc. |
Bibliografía: hojas 48-55 |
| 520 3# - SUMARIO, ETC. |
| Sumario, etc. |
Las bacterias ácido lácticas (BAL) son los grupos microbianos con mayor presencia o mayor interés tecnológico en el queso elaborado con leche cruda o pasteurizada, puesto que favorecen el desarrollo del sabor, aroma y textura que los tipifican. Sin embargo, la identificación y caracterización de las BAL en los productos lácteos mexicanos ha sido poco estudiada. En este trabajo, 12 muestras de queso de Poro provenientes de 6 queserías artesanales de Balancán, Tabasco, fueron utilizadas para el aislamiento e identificación fenotípica y genotípica de las especies dominantes de BAL que se desarrollan en este queso. La cuantificación de BAL se analizó mediante el conteo en placa de células viables. Para la identificación fenotípica, hasta nivel de género, las cepas aisladas se sometieron a pruebas bioquímicas y morfológicas. La identificación genotípica se realizó por secuenciación parcial del gen 16S rDNA. De acuerdo al conteo de BAL, Streptococcus es el género más abundante en el queso de Poro (6.27 Log10 UFC/g), seguido del grupo de los Lactococcus (6.14 Log10 UFC/g) y Lactobacillus (5.29 Log10 UFC/g). Se aislaron 72 cepas de presuntas BAL y se determinó que sólo 59 cepas presentaron características de tinción de Gram, prueba de catalasa y citocromo oxidasa típicas de las BAL. Posteriormente, 36 cepas se identificaron genotípicamente y se obtuvo que 10 cepas fueron identificadas como Enterococcus durans, ocho Enterococcus faecium, cuatro Lactobacillus plantarum, siete Lactobacillus pentosus, cuatro Lactobacillus fermentum, dos Enterococcus faecalis y un Lactobacillus farcimis. Con estos resultados, se confirmó la clasificación del 45% de las 36 cepas previamente identificadas por pruebas fenotípicas y el 55% fueron reclasificadas a su nivel taxonómico correspondiente. Considerando la relevancia de las BAL en la industria alimentaria, este trabajo ofrece la posibilidad de estudiar y caracterizar las cepas aisladas e identificadas, a fin de identificar la aptitud tecnológica, funcional o probiótica que podrían poseer estas especies. |
| 520 3# - SUMARIO, ETC. |
| Sumario, etc. |
Lactic acid bacteria (LAB) are the main microbiota group with major abundance and technological interest in cheese made from raw or pasteurized milk, since they contribute to the development of taste, aroma and texture typical of each cheese. However, the identification and characterization of LAB isolated from Mexican dairy products have been scarcely studied; actually there are few references about it. In this study, a total of 12 samples de Poro cheese from 6 artisanal dairies from Balancán, Tabasco, were used for isolation and identification of the dominant species of LAB present in this cheese. The quantification of LAB was determinated by plate counting of viable cells. For the phenotypic identification to classify them to genus level, the strains were subjected to morphological and biochemical tests. The genotypic identification was performed by partial sequencing of the 16S rDNA gene. According to the LAB counting, Streptococcus is the most abundant genus in de Poro cheese (6.27 Log10 CFU/g), followed by Lactococcus (6.14 Log10 CFU/g) and Lactobacillus (5.29 Log10 CFU/g). A total of 72 presumptive LAB strains were isolated and it was found that only 59 strains showed Gram stain, catalase and cytochrome oxidase tests typical of LAB. Subsequently, 36 strains were genotypically identified and the results showed that 10 strains were identified as Enterococcus durans, eight Enterococcus faecium, four Lactobacillus plantarum, seven Lactobacillus pentosus, four Lactobacillus fermentum, two Enterococcus faecalis and one Lactobacillus farcimis. These results confirmed the classification of 45% of the 36 strains previously identified by phenotypic tests and 55% were reclassified to its corresponding taxonomic group. Considering the importance of LAB in the food industry, this work provides the possibility to study and characterize the strains isolated from de Poro cheese, in order to identify the technological, functional or probiotic properties that these species may possess. |
| 650 13 - PUNTO DE ACCESO ADICIONAL DE MATERIA--TÉRMINO DE MATERIA |
| Término de materia o nombre geográfico como elemento de entrada |
Quesos |
| Subdivisión geográfica |
México |
| -- |
Tabasco |
| Fuente del encabezamiento o término |
atg |
| 650 13 - PUNTO DE ACCESO ADICIONAL DE MATERIA--TÉRMINO DE MATERIA |
| Término de materia o nombre geográfico como elemento de entrada |
Queso artesanal |
| Fuente del encabezamiento o término |
atg |
| 650 13 - PUNTO DE ACCESO ADICIONAL DE MATERIA--TÉRMINO DE MATERIA |
| Término de materia o nombre geográfico como elemento de entrada |
Queso |
| Subdivisión general |
Análisis |
| Fuente del encabezamiento o término |
atg |
| 650 13 - PUNTO DE ACCESO ADICIONAL DE MATERIA--TÉRMINO DE MATERIA |
| Término de materia o nombre geográfico como elemento de entrada |
Bacterias del ácido láctico |
| Fuente del encabezamiento o término |
atg |
| 650 13 - PUNTO DE ACCESO ADICIONAL DE MATERIA--TÉRMINO DE MATERIA |
| Término de materia o nombre geográfico como elemento de entrada |
Cheeses |
| Subdivisión general |
Analisys |
| Fuente del encabezamiento o término |
atg |
| 650 13 - PUNTO DE ACCESO ADICIONAL DE MATERIA--TÉRMINO DE MATERIA |
| Término de materia o nombre geográfico como elemento de entrada |
Lactic acid bacteria |
| Fuente del encabezamiento o término |
atg |
| 650 13 - PUNTO DE ACCESO ADICIONAL DE MATERIA--TÉRMINO DE MATERIA |
| Término de materia o nombre geográfico como elemento de entrada |
Artisan cheese |
| Fuente del encabezamiento o término |
atg |
| 650 10 - PUNTO DE ACCESO ADICIONAL DE MATERIA--TÉRMINO DE MATERIA |
| Término de materia o nombre geográfico como elemento de entrada |
Cheeses |
| Subdivisión geográfica |
Mexico |
| -- |
Tabasco |
| Fuente del encabezamiento o término |
atg |
| 700 1# - PUNTO DE ACCESO ADICIONAL--NOMBRE DE PERSONA |
| Nombre de persona |
González Córdova, Aarón Fernando |
| Término indicativo de función/relación |
director |
| 700 1# - PUNTO DE ACCESO ADICIONAL--NOMBRE DE PERSONA |
| Nombre de persona |
Hernández Montes, Arturo |
| Término indicativo de función/relación |
asesor |
| 700 1# - PUNTO DE ACCESO ADICIONAL--NOMBRE DE PERSONA |
| Nombre de persona |
Vallejo Galland, Belinda |
| Término indicativo de función/relación |
asesora |
| 856 41 - LOCALIZACIÓN Y ACCESO ELECTRÓNICOS |
| Identificador Uniforme del Recurso |
<a href="http://10.13.5.2/tesis/sist109493.pdf">http://10.13.5.2/tesis/sist109493.pdf</a> |
| Texto de enlace |
DESCARGAR PDF |
| 901 ## - ELEMENTOS DE DATOS A LOCAL LDA (RLIN) |
| a |
TESIS B46 2013 |
| 942 ## - ELEMENTOS DE PUNTO DE ACCESO ADICIONAL (KOHA) |
| Tipo de ítem Koha |
TESIS |
| Fuente del sistema de clasificación o colocación |
Clasificación Universidad Autónoma Chapingo |
| 902 ## - ELEMENTOS DE DATOS B LOCAL, LDB (RLIN) |
| a |
M |
| 905 ## - ELEMENTOS DE DATOS E LOCAL, LDE (RLIN) |
| a |
5232272013 mx ndl 8222223322spa16 |